| Tag |
First Indicator |
Second Indicator |
Subfields |
| LEADER |
00000cam a2200000 a 4500 |
| 001 |
in00004467708 |
| 005 |
20210818135034.0 |
| 008 |
770208s1977 moua b 00100 engm |
| 010 |
|
|
|a 77001472
|
| 020 |
|
|
|a 0801640377
|
| 035 |
|
|
|a (OCoLC)02798394
|
| 035 |
|
|
|z (UtOrBLW)9497
|
| 035 |
|
|
|a 17197
|
| 040 |
|
|
|a DLC
|c DLC
|d m.c.
|d TMV
|d UtOrBLW
|
| 049 |
|
|
|a TMVM
|c 1 [1437524]
|
| 050 |
0 |
0 |
|a RC566
|b .D74
|
| 060 |
|
4 |
|a WM 270
|b D7875 1977
|
| 245 |
0 |
0 |
|a Drug abuse :
|b clinical and basic aspects /
|c editor, Sachindra N. Pradhan ; associate editor, Samarendra N. Dutta.
|
| 264 |
|
1 |
|a Saint Louis :
|b Mosby,
|c 1977.
|
| 300 |
|
|
|a xvi, 598 pages :
|b illustrations ;
|c 27 cm.
|
| 336 |
|
|
|a text
|2 rdacontent
|b txt
|
| 337 |
|
|
|a unmediated
|2 rdamedia
|
| 338 |
|
|
|a volume
|2 rdacarrier
|b nc
|
| 500 |
|
|
|a Chapter on basic and clinical research contains information on animal models.
|
| 504 |
|
|
|a Includes bibliographies and index.
|
| 505 |
2 |
|
|a Implications of basic and clinical research in drug abuse
|
| 650 |
|
2 |
|a Substance-Related Disorders.
|
| 650 |
|
2 |
|a Substance-Related Disorders
|x complications.
|
| 700 |
1 |
|
|a Dutta, Samarendra N.
|
| 700 |
1 |
|
|a Pradhan, Sachindra N.
|q (Sachindra Nath),
|d 1919-
|
| 948 |
|
|
|a copy plain, 1437524
|
| 948 |
|
|
|a Keep per EC, 2003 evaluation; retention reasons in 505, 520, 599, or 650 fields; 03/25/2004, ngb.
|
| 999 |
|
|
|a MARS
|
| 999 |
f |
f |
|s ad8d02aa-9ed5-3a16-92c1-52dcf8f383b6
|i c41ec38e-f57a-38fe-a0ea-1e6626b8c1c3
|t 0
|
| 952 |
f |
f |
|p ric
|a Texas A&M University
|b Rellis Campus
|c Joint Library Facility
|d Remote Storage
|t 0
|e WM 270 D7875 1975
|h National Library of Medicine classification
|i unmediated -- volume
|m 3238900094814
|
| 998 |
f |
f |
|a WM 270 D7875 1975
|t 0
|l Remote Storage
|